[Event "AUTO-ELITE-2310"]
[Site "http://www.queenalice.com/game.php?id=1643265"]
[Date "2021.2.11"]
[Round "1"]
[White "BEBADO"]
[Black "Kuarwaki"]
[Result "0-1"]
[WhiteElo "2312"]
[BlackElo "2740"]

1. e4 c6 2. d4 d5 3. e5 Bf5 4. Nf3 e6 5. Be2 c5 6. Be3 cxd4 7. Nxd4 Ne7 8. c4
Nbc6 9. Qa4 Qd7 10. Nb5 Ng6 11. cxd5 exd5 12. N1c3 Bb4 13. Rd1 O-O 14. O-O Nge7
15. a3 Bxc3 16. Nxc3 Rad8 17. Bc5 d4 18. Rfe1 Rfe8 19. Bf3 h5 20. Bxh5 Ng6 21.
Bxg6 Bxg6 22. Nb5 Bh5 23. f3 Bxf3 24. gxf3 Nxe5 25. Rf1 Qc6 0-1

[Event "AUTO-ELITE-2310"]
[Site "http://www.queenalice.com/game.php?id=1643266"]
[Date "2021.2.11"]
[Round "1"]
[White "Kuarwaki"]
[Black "BEBADO"]
[Result "1-0"]
[WhiteElo "2738"]
[BlackElo "2307"]

1. d4 Nf6 2. Bg5 Ne4 3. Bf4 c5 4. f3 Qa5+ 5. c3 Nf6 6. Qd2 cxd4 7. cxd4 Qxd2+ 8.
Bxd2 d5 9. Nc3 Nc6 10. Nb5 Kd8 11. e3 a6 12. Nc3 e6 13. Rc1 Bd7 14. Na4 Bd6 15.
Nc5 Ra7 16. Bd3 Ke7 17. Ne2 Rc8 18. O-O Nb8 19. e4 Bxc5 20. Rxc5 Rxc5 21. Bb4
1-0

[Event "AUTO-ELITE-2310"]
[Site "http://www.queenalice.com/game.php?id=1648897"]
[Date "2021.4.6"]
[Round "2"]
[White "Sexxy_Bunny"]
[Black "Kuarwaki"]
[Result "1/2-1/2"]
[WhiteElo "2686"]
[BlackElo "2730"]

1. e4 e5 2. Nf3 Nc6 3. Bb5 Nf6 4. O-O Nxe4 5. d4 Nd6 6. Bxc6 dxc6 7. dxe5 Nf5 8.
Qxd8+ Kxd8 9. Nc3 Ke8 10. h3 h5 11. Bf4 Be6 12. Ne4 Be7 13. Rad1 Rd8 14. Nfg5
Rxd1 15. Rxd1 Bc8 16. Nf3 b6 17. c4 Rg8 18. b3 Bd8 19. Bc1 c5 20. Nc3 f6 21. Kf1
Kf7 22. exf6 gxf6 23. Bf4 a6 24. Ne1 Nd4 25. Ne2 Nxe2 26. Kxe2 Re8+ 27. Kf1 c6
28. Bd6 Bf5 29. Rd2 Bb1 30. a4 Be7 31. Bxe7 Rxe7 32. h4 b5 33. a5 Bf5 34. Nc2
Bxc2 35. Rxc2 Rb7 36. Rd2 bxc4 37. bxc4 Rb1+ 38. Ke2 Ke7 39. Kd3 Ke6 40. Re2+
Kf5 41. Re8 Rd1+ 42. Kc2 Rf1 43. Ra8 Rxf2+ 44. Kb3 Ke5 45. Rxa6 Kd6 46. Ra7 Rxg2
47. Rf7 Rg3+ 48. Kb2 Rg2+ 49. Ka3 Rg3+ 50. Ka4 Ke6 51. Rc7 Kd6 52. Rf7 Ke6
1/2-1/2

[Event "AUTO-ELITE-2310"]
[Site "http://www.queenalice.com/game.php?id=1648898"]
[Date "2021.4.6"]
[Round "2"]
[White "Kuarwaki"]
[Black "Sexxy_Bunny"]
[Result "1/2-1/2"]
[WhiteElo "2729"]
[BlackElo "2687"]

1. c4 e5 2. g3 Nf6 3. Bg2 d5 4. cxd5 Nxd5 5. Nf3 Nc6 6. O-O Nb6 7. Nc3 Be7 8. d3
O-O 9. Be3 Be6 10. a3 a5 11. Na4 Nd5 12. Bc5 Bd6 13. Rc1 h6 14. Qc2 Nb6 15. Rfd1
Nxa4 16. Qxa4 Qe7 17. Bxd6 Qxd6 18. e3 Rfd8 19. h4 Bd5 20. d4 exd4 21. Nxd4 Bxg2
22. Kxg2 Nxd4 23. Rxd4 Qb6 24. Rf4 Rd5 25. Qe4 Rad8 26. Qe7 R5d7 27. Qe5 f6 28.
Qc3 Kh8 29. Rf5 c6 30. Rxa5 Rd2 31. b4 R8d3 32. Ra8+ Kh7 33. Qc5 Qxc5 34. Rxc5
Rxe3 35. h5 Re7 36. Rf5 Red7 37. Ra7 Kg8 38. a4 Kf7 39. b5 Ke6 40. Rc5 Kd6 41.
bxc6 bxc6 42. Rxd7+ Kxd7 43. Rc4 Kc7 44. Kf3 Rd5 45. Re4 Kb6 46. Re7 Rg5 47. Ke4
Ka5 48. Ra7+ Kb4 49. f4 Rxg3 50. Kf5 c5 51. a5 c4 52. a6 Kb5 53. Rc7 1/2-1/2

[Event "AUTO-ELITE-2310"]
[Site "http://www.queenalice.com/game.php?id=1648899"]
[Date "2021.4.6"]
[Round "2"]
[White "Donidon"]
[Black "Kuarwaki"]
[Result "0-1"]
[WhiteElo "2349"]
[BlackElo "2726"]

1. e4 e5 2. f4 exf4 3. Nf3 g5 4. d4 g4 5. Ne5 Qh4+ 6. g3 fxg3 7. Qxg4 Qxg4 8.
Nxg4 Nc6 9. c3 gxh2 10. Nxh2 d6 11. Bf4 Nce7 12. Nd2 Ng6 13. Bg3 h5 14. Nhf3 Be7
0-1

[Event "AUTO-ELITE-2310"]
[Site "http://www.queenalice.com/game.php?id=1648900"]
[Date "2021.4.6"]
[Round "2"]
[White "Kuarwaki"]
[Black "Donidon"]
[Result "1-0"]
[WhiteElo "2729"]
[BlackElo "2398"]

1. d4 Nf6 2. c4 g6 3. Nc3 d5 4. Nf3 Bg7 5. cxd5 Nxd5 6. e4 Nxc3 7. bxc3 c5 8.
Be3 O-O 9. Be2 Nc6 10. O-O cxd4 11. cxd4 1-0

[Event "AUTO-ELITE-2288"]
[Site "http://www.queenalice.com/game.php?id=1649952"]
[Date "2021.4.17"]
[Round "2"]
[White "Kuarwaki"]
[Black "greggy"]
[Result "1/2-1/2"]
[WhiteElo "2740"]
[BlackElo "2873"]

1. d4 Nf6 2. c4 g6 3. f3 c5 4. d5 Bg7 5. Nc3 d6 6. e4 e6 7. Bg5 O-O 8. Qd2 exd5
9. cxd5 a6 10. a4 Qc7 11. Be3 Re8 12. Be2 Qe7 13. Bg5 b6 14. Rc1 Bd7 15. Ra1 Ra7
16. h4 h5 17. Nh3 Bxh3 18. Rxh3 Nbd7 19. Kf1 Qd8 20. g3 c4 21. Kg2 Qc8 22. Rhh1
Nc5 23. Raf1 Nfd7 24. Bxc4 Nxa4 25. Nxa4 Qxc4 26. Ra1 a5 27. Rhc1 Qb4 28. Qe2 f5
29. Bd2 Qb3 30. Ra3 Qxd5 31. Rc8 Qf7 32. Rxe8+ Qxe8 33. Re3 Ne5 34. Nc3 Bh6 35.
f4 Ng4 36. Rd3 b5 37. Rxd6 b4 38. exf5 Qxe2+ 39. Nxe2 gxf5 40. Rd5 Bg7 41. Rxf5
Rc7 42. Kf3 Nh2+ 43. Kf2 1/2-1/2

[Event "AUTO-ELITE-2288"]
[Site "http://www.queenalice.com/game.php?id=1649953"]
[Date "2021.4.17"]
[Round "2"]
[White "greggy"]
[Black "Kuarwaki"]
[Result "1/2-1/2"]
[WhiteElo "2869"]
[BlackElo "2727"]

1. c4 e5 2. Nc3 Nf6 3. Nf3 Nc6 4. e3 Bb4 5. Qc2 Bxc3 6. Qxc3 Qe7 7. d4 e4 8. Ng1
d5 9. a3 O-O 10. b3 a5 11. Ne2 Qd8 12. Nf4 Re8 13. Be2 Ne7 14. a4 Bg4 15. Bxg4
Nxg4 16. O-O c6 17. Ba3 Ng6 18. Nxg6 hxg6 19. cxd5 Qxd5 20. h3 Nf6 21. b4 axb4
22. Qxb4 Ra7 23. Qb6 Rxa4 24. Qxb7 Rea8 25. Bb2 Rxa1 26. Bxa1 Ra4 27. Bc3 Kh7
1/2-1/2

[Event "AUTO-ELITE-2288"]
[Site "http://www.queenalice.com/game.php?id=1649954"]
[Date "2021.4.17"]
[Round "2"]
[White "Kuarwaki"]
[Black "Sexxy_Bunny"]
[Result "1/2-1/2"]
[WhiteElo "2728"]
[BlackElo "2689"]

1. d4 Nf6 2. c4 e6 3. Nf3 d5 4. Nc3 c6 5. Bg5 h6 6. Bxf6 Qxf6 7. e3 Nd7 8. Bd3
dxc4 9. Bxc4 g6 10. O-O Bg7 11. a4 a5 12. Qe2 O-O 13. Rfd1 Qe7 14. e4 e5 15. d5
Qb4 16. Rac1 Nb6 17. b3 Bd7 18. h3 Rab8 19. Nd2 Bf6 20. Na2 Qe7 21. Rc2 Rbc8 22.
Nc3 Qb4 23. dxc6 Bxc6 24. Nd5 Nxd5 25. exd5 Bxd5 26. Ne4 Bxe4 27. Qxe4 Kg7 28.
Rd7 Rcd8 29. Rc7 h5 30. Qxb7 Qxb7 31. Rxb7 Rd1+ 32. Kh2 Re1 33. Ra7 e4 34. g3
Bd8 35. Rd2 e3 36. fxe3 Rxe3 37. Rdd7 Rf3 38. Kg2 1/2-1/2

[Event "AUTO-ELITE-2288"]
[Site "http://www.queenalice.com/game.php?id=1649955"]
[Date "2021.4.17"]
[Round "2"]
[White "Sexxy_Bunny"]
[Black "Kuarwaki"]
[Result "1/2-1/2"]
[WhiteElo "2690"]
[BlackElo "2727"]

1. e4 c5 2. Nf3 e6 3. d4 cxd4 4. Nxd4 Nc6 5. Nc3 Nf6 6. Ndb5 d6 7. Bf4 e5 8. Bg5
a6 9. Na3 b5 10. Nd5 Be7 11. Bxf6 Bxf6 12. c3 Bg5 13. Nc2 Rb8 14. a4 bxa4 15.
Ncb4 Nxb4 16. cxb4 O-O 17. Rxa4 a5 18. b5 Bd7 19. Nc3 d5 20. Nxd5 Be7 21. Qb3
Bb4+ 22. Nxb4 axb4 23. Bc4 Bxb5 24. Bxb5 Rxb5 25. O-O Qd4 26. Re1 h5 27. h4 Rc8
28. g3 g6 29. Raa1 Qc4 30. Qf3 Rb6 31. Ra5 Qc2 32. Ra7 Rf8 33. Qe2 Rc8 34. Qf3
Rc7 35. Rxc7 Qxc7 36. Qb3 Qc5 37. Rd1 Rc6 38. Rd5 Qc1+ 39. Rd1 Qc4 1/2-1/2

[Event "WorldCup Chess"]
[Site "http://www.queenalice.com/game.php?id=1758229"]
[Date "2021.5.1"]
[Round "3"]
[White "Kuarwaki"]
[Black "Robi"]
[Result "1/2-1/2"]
[WhiteElo "2749"]
[BlackElo "2764"]

1. c4 e5 2. g3 Nf6 3. Nc3 Bb4 4. Bg2 O-O 5. e4 d6 6. Nge2 Nc6 7. d3 Bc5 8. h3 a5
9. O-O Bd7 10. Kh2 h6 11. Bd2 Nd4 12. a4 Nc6 13. f4 Re8 14. Be1 Nb4 15. Bf2 Bxf2
16. Rxf2 c6 17. Qd2 Na6 18. d4 exd4 19. Nxd4 Nc5 20. Re2 Qb6 21. Qc2 Re7 22.
Rae1 Rae8 23. Rd1 Be6 24. b3 Bd7 25. Kh1 Qc7 26. Rde1 Qb6 27. Qd1 Qc7 1/2-1/2

[Event "AUTO-ELITE-2267"]
[Site "http://www.queenalice.com/game.php?id=1759317"]
[Date "2021.5.12"]
[Round "2"]
[White "Dogeval"]
[Black "Kuarwaki"]
[Result "1/2-1/2"]
[WhiteElo "2828"]
[BlackElo "2758"]

1. d4 d5 2. c4 e6 3. Nc3 Nf6 4. Nf3 Be7 5. Bf4 O-O 6. e3 b6 7. Be2 Bb7 8. O-O
dxc4 9. Bxc4 a6 10. Qe2 b5 11. Bd3 Nbd7 12. Rfd1 Rc8 13. Ne5 h6 14. a3 c5 15.
Nxd7 Nxd7 16. dxc5 Rxc5 17. e4 Qe8 18. e5 Qa8 19. Qe3 Rd8 20. Qg3 Kh8 21. Rac1
Rc7 22. Be3 Qb8 23. Qh3 Bf8 24. Qh5 Kg8 25. Qe2 Ba8 26. f4 Nb6 27. h3 Nd5 28.
Nxd5 Bxd5 29. Rxc7 Qxc7 30. Kh2 g6 31. Qf2 Rd7 32. Qc2 Qd8 33. Be4 Bxe4 34. Rxd7
Qxd7 35. Qxe4 Kg7 36. b4 Qc7 1/2-1/2

[Event "AUTO-ELITE-2267"]
[Site "http://www.queenalice.com/game.php?id=1759318"]
[Date "2021.5.12"]
[Round "2"]
[White "Kuarwaki"]
[Black "Dogeval"]
[Result "1-0"]
[WhiteElo "2749"]
[BlackElo "2836"]

1. e4 e6 2. d4 d5 3. Nc3 Bb4 4. e5 c5 5. a3 Bxc3+ 6. bxc3 Ne7 7. h4 Qc7 8. Rb1
Nbc6 9. h5 h6 10. Qg4 Nf5 11. Bd3 cxd4 12. cxd4 Ncxd4 13. Bb2 Qb6 14. Qf4 Nc6
15. Nf3 Qc7 16. O-O Na5 17. a4 b6 18. Rfe1 Nc4 19. Bc1 Ne7 20. Qg4 Kf8 21. Nd4
Kg8 22. Nb5 Qc5 23. Nd6 Ba6 24. Bxc4 Bxc4 25. Qf3 Rf8 26. Ba3 Qc7 27. Rbd1 Ba6
28. Rd4 Kh7 29. Rf4 Qd7 30. Nxf7 1-0

[Event "AUTO-ELITE-2356"]
[Site "http://www.queenalice.com/game.php?id=1768077"]
[Date "2021.8.27"]
[Round "1"]
[White "Kuarwaki"]
[Black "caboclo"]
[Result "0-1"]
[WhiteElo "2750"]
[BlackElo "2659"]

1. e4 e5 2. Nf3 Nc6 3. d4 exd4 4. Nxd4 Nf6 5. Nxc6 bxc6 6. Nc3 Bb4 7. Bd3 d5 8.
exd5 cxd5 9. O-O O-O 10. h3 c6 11. Qf3 Re8 12. Bf4 Bd6 13. b3 h6 14. Rfe1 Be6
15. Ne2 Bxf4 16. Nxf4 Bd7 17. Rxe8+ Qxe8 18. c4 Qe5 19. Rc1 Re8 20. cxd5 Nxd5
21. Nxd5 cxd5 0-1

[Event "AUTO-ELITE-2356"]
[Site "http://www.queenalice.com/game.php?id=1768078"]
[Date "2021.8.27"]
[Round "1"]
[White "caboclo"]
[Black "Kuarwaki"]
[Result "1-0"]
[WhiteElo "2669"]
[BlackElo "2740"]

1. e4 e5 2. Nf3 Nc6 3. Bb5 a6 4. Ba4 Nf6 5. O-O Be7 6. Re1 b5 7. Bb3 d6 8. c3
O-O 9. h3 Bb7 10. d4 Re8 11. a3 h6 12. Ba2 Qd7 13. d5 Na7 14. Nfd2 Bd8 15. c4 c6
16. Nc3 Rb8 17. dxc6 Bxc6 18. Re3 Ba8 19. Rd3 Nc6 20. cxb5 axb5 21. Nf3 b4 22.
axb4 1-0

[Event "AUTO-ELITE-2356"]
[Site "http://www.queenalice.com/game.php?id=1768079"]
[Date "2021.8.27"]
[Round "1"]
[White "Kuarwaki"]
[Black "Lamorteoscura77"]
[Result "1-0"]
[WhiteElo "2757"]
[BlackElo "2212"]

1. c4 b6 2. d4 e6 3. e4 Bb7 4. Bd3 d6 5. Nc3 Nd7 6. Qe2 g6 7. f4 Ne7 8. Nf3 Bg7
9. Be3 O-O 10. O-O-O h6 11. Kb1 f5 12. Rhe1 Nf6 13. Bc1 Re8 14. e5 Bxf3 15. Qxf3
dxe5 16. fxe5 Nd7 17. g4 Rf8 18. Qg3 Kh7 19. h4 a6 20. Ne2 c5 21. Nf4 Rf7 22.
Nxe6 1-0

[Event "AUTO-ELITE-2356"]
[Site "http://www.queenalice.com/game.php?id=1768080"]
[Date "2021.8.27"]
[Round "1"]
[White "Lamorteoscura77"]
[Black "Kuarwaki"]
[Result "0-1"]
[WhiteElo "2213"]
[BlackElo "2756"]

1. e4 c5 2. c4 Nc6 3. g3 g6 4. Bg2 Bg7 5. Nc3 a6 6. Nge2 b5 7. cxb5 axb5 8. Nxb5
Ba6 9. Nbc3 h5 10. h4 Bd3 11. Nf4 Nb4 12. Nxd3 Nxd3+ 13. Ke2 c4 14. b3 Qc8 15.
Qc2 Nh6 16. bxc4 Nb4 17. Qb3 Nc6 18. Kd1 Ng4 19. Rf1 Nd4 20. Qb4 Rb8 21. Qa3
Qxc4 0-1

[Event "Challenge"]
[Site "http://www.queenalice.com/game.php?id=1773334"]
[Date "2021.10.27"]
[Round "-"]
[White "cro_kramnik"]
[Black "Kuarwaki"]
[Result "1/2-1/2"]
[WhiteElo "2743"]
[BlackElo "2756"]

1. e4 c6 2. d4 d5 3. e5 Bf5 4. h4 h5 5. Bd3 Bxd3 6. Qxd3 e6 7. Bg5 Qb6 8. Nd2 c5
9. c4 Qxb2 10. Rd1 Nc6 11. Ngf3 Nb4 12. Qe2 cxd4 13. O-O d3 14. Qe3 Qa3 15. cxd5
Nxd5 16. Qe4 Qa6 17. Nc4 Bc5 18. Rxd3 Rc8 19. Rc1 1/2-1/2

[Event "Challenge"]
[Site "http://www.queenalice.com/game.php?id=1773335"]
[Date "2021.10.27"]
[Round "-"]
[White "Kuarwaki"]
[Black "cro_kramnik"]
[Result "1/2-1/2"]
[WhiteElo "2756"]
[BlackElo "2743"]

1. c4 Nf6 2. Nc3 g6 3. e4 d6 4. d4 Bg7 5. h3 O-O 6. Be3 e5 7. d5 Na6 8. g4 Nc5
9. f3 a5 10. Qd2 c6 11. Nge2 cxd5 12. cxd5 Bd7 13. Ng3 Rc8 14. Bb5 Bxb5 15. Nxb5
Qd7 16. Qe2 Ne8 17. Rc1 b6 18. Na3 Nc7 1/2-1/2